| 000 | 00690nam a2200217 a 4500 | ||
|---|---|---|---|
| 999 |
_c3448 _d3448 |
||
| 001 | 3448 | ||
| 003 | BD-JhCC | ||
| 005 | 20171113201404.0 | ||
| 008 | 171113s1372 bg a|||| ||a| 000 0 ben d | ||
| 035 | _a(BD-JhCC)3448 | ||
| 040 |
_aBD-JhCC _dBD-JhCC |
||
| 041 | _aben | ||
| 082 |
_a915.104 _bVAS 1372 |
||
| 100 | _aভাসানী, আবদুল হামিদ খান | ||
| 245 |
_aমাও সে-তুঙ এর দেশে / _cআবদুল হামিদ খান ভাসানী, |
||
| 260 |
_aঢাকা : _bপুঁথিপত্র প্রকাশনী, _c1372 |
||
| 300 |
_a76 p. : _c20 cm. |
||
| 650 | _aChina | ||
| 942 |
_2ddc _cBK |
||